1378 1334 1075 1338 1817 1687 1038 1832 1899 1806 1987 1328 1712 1625 1652 1098 1413 1456 1672 1318 1700 1928 1710 1789 1903 1017 1450 1449 1226 1509 1793 1909 1039 1695 1159 1198 1017 1598 1886 1335 1982 1678 1700 1593 1200 1804 1709 1200 1077 1458 1909 1096 1783 1653 1080 1457 1342 1492 1261 1969 1186 1455 1484 1643 1551 1798 1758 1385 1588 1210 1027 1729 1802 1412 1306 1525 1152 1388 1636 1197 1132 1646 1889 1431 1069 1144 1309 1467 1094 1174 1259 1894 1680 1047 1313 1502 1239 1335 1178 BCNSPRNW ULIB Ver.6.0+V

เปลี่ยนเป็นภาษาไทย

Change to English
 แสดงรายละเอียดบรรณานุกรม
  กลับหน้าหลัก

Brief Record : Get Marc (ISO 2709) : E-mail record : QR code < ปิดหน้าต่าง
LEADER : 00000nam 2200000uu 4500
001    13399124003
003     ULIB
008    141219s2557||||th 000 0 tha d
020    ^a9786165381987
060  4 ^aWA400^bอ911ส
100    ^aเอมอัชฌา วัฒนบุรานนท์
245    ^aสวัสดิศึกษา.^b=Safety Education./^cเอมอัชฌา วัฒนบุรานนท์
250    ^aพิมพ์ครั้งที่ 3
260    ^aกรุงเทพฯ :^bโอเดียนสโตร์,^c2557
300    ^a224 หน้า;^b24 ซม.
650    ^aอุบัติเหตุ^xการป้องกัน
945    ^p170^l0^i037613
945    ^p170^l0^i037614
945    ^p170^l0^i037615
945    ^p170^l0^i037616
945    ^p170^l0^i037617
999    ^aเกษร โพธิ์สุวรรณ
รายการนี้ยังไม่มีแท็ก
คุณยังไม่ได้ล็อกอิน คุณสามารถมีกิจกรรมร่วมกับเว็บไซต์ได้ แต่ต้องล็อกอินก่อน ::
  ล็อกอิน

รายการสื่อสารสนเทศ

ลำดับที่ ประเภท เลขเรียก/บาร์โค้ด สถานที่ สถานะ
1. วิทยาศาสตร์การแพทย์ และสุขภาพ
วิทยาศาสตร์การแพทย์ และสุขภาพ
สถานะ=หนังสือเก่า
WA400 อ911ส ฉ.1 
  Barcode: 037613
ห้องสมุดวิทยาเขตสวรรค์ประชารักษ์
►ส่วนจัดเก็บหนังสือเก่า สปร
บนชั้น
  ขอยืม
2. วิทยาศาสตร์การแพทย์ และสุขภาพ
วิทยาศาสตร์การแพทย์ และสุขภาพ
สถานะ=หนังสือเก่า
WA400 อ911ส ฉ.2 
  Barcode: 037614
ห้องสมุดวิทยาเขตสวรรค์ประชารักษ์
►ส่วนจัดเก็บหนังสือเก่า สปร
บนชั้น
  ขอยืม
3. วิทยาศาสตร์การแพทย์ และสุขภาพ
วิทยาศาสตร์การแพทย์ และสุขภาพ
สถานะ=หนังสือเก่า
WA400 อ911ส ฉ.3 
  Barcode: 037615
ห้องสมุดวิทยาเขตสวรรค์ประชารักษ์
►ส่วนจัดเก็บหนังสือเก่า สปร
บนชั้น
  ขอยืม
4. วิทยาศาสตร์การแพทย์ และสุขภาพ
วิทยาศาสตร์การแพทย์ และสุขภาพ
สถานะ=หนังสือเก่า
WA400 อ911ส ฉ.4 
  Barcode: 037616
ห้องสมุดวิทยาเขตสวรรค์ประชารักษ์
►ส่วนจัดเก็บหนังสือเก่า สปร
บนชั้น
  ขอยืม
5. วิทยาศาสตร์การแพทย์ และสุขภาพ
วิทยาศาสตร์การแพทย์ และสุขภาพ
สถานะ=หนังสือเก่า
WA400 อ911ส ฉ.5 
  Barcode: 037617
ห้องสมุดวิทยาเขตสวรรค์ประชารักษ์
►ส่วนจัดเก็บหนังสือเก่า สปร
บนชั้น
  ขอยืม

รายการใกล้เคียง
    ผู้แต่ง [เอมอัชฌา วัฒนบุรานนท์]

BibComment


ยังไม่เคยถูกคอมเมนท์

คอมเมนท์ทรัพยากรรายการนี้
  คอมเมนท์: สวัสดิศึกษา Safe..


 Copyright 2026. Bcnsprnw @Library